LEADER 01502nam a2200349 a 4500 001 000000123432 003 CaOOAMICUS 005 20101020102555.0 008 101020t2010 it a u000 u ita r 040 $aPUL$bita 041 1 $aita$heng 082 04$a930 100 1 $aSekunda, Nicholas.$0(OLS)http://pul/name/75863 240 10$aPersian army 560-330 BC.$lItaliano.$0(OLS)http://pul/title/155549 245 12$aL'esercito persiano /$cNicholas Sekunda ; illustrazioni di Simon Chew. 260 $aMilano :$bRBA Italia,$cİ2010. 300 $a72 p. :$bill. ;$c25 cm. 490 1 $aRoma e Grecia. Le battaglie, gli eserciti, i grandi condottieri 490 1 $aGrecia. Le guerre persiane V 500 $aPubblicazione periodica settimanale. 504 $aInclude bibliografia ed indice. 651 4$aPersia$xStoria$yEvo antico.$0(OLS)http://pul/subject/31109 700 1 $aChew, Simon.$0(OLS)http://pul/name/77725 830 0$aRoma e Grecia$pLe battaglie, gli eserciti, i grandi condottieri.$0(OLS)http://pul/title/150360 830 0$aGrecia.$pLe guerre persiane V.$0(OLS)http://pul/title/155551 850 $aPUL 852 $aPUL$W1$xDP2 Filosofia 3$y112$m930 COLL 2.23$j142067$qDDC 21$B141046$CPULBib$Z2$F141046 $H114396 $82 941 1 $a9 996 $6082$a930$9(OLS)http://pul/classification/398 996 $6245$aL'esercito persiano$9(OLS)http://pul/title/155550 996 $6260$aMilano :$bRBA Italia$9(OLS)http://pul/publisher/80118 LEADER 01477nam a2200313 a 4500 001 000000124617 003 CaOOAMICUS 005 20110309141859.0 008 110309s2010 it u000 u ita r 020 $a978-88-308-1082-2 040 $aPUL$bita 082 04$a248 111 2 $aSettimana di formazione francescana$d(2009 :$cAssisi).$0(OLS)http://pul/name/78705 245 10$aTeologia francescana? :$bindagine storica e prospettive odierne su di una questione aperta /$ca cura di Pietro Maranesi. 260 $aAssisi :$bCittadella,$cİ2010. 300 $a311 p. ;$c21 cm 490 1 $aConvivium assisiense. Itinera franciscana ;$v1 500 $aInclude indice. 504 $aInclude riferimenti bibliografici. 650 4$aFrancescanesimo$xCongressi.$0(OLS)http://pul/subject/975 700 1 $aMaranesi, Pietro,$cO.F.M. Cap.,$d1960-$0(OLS)http://pul/name/22267 830 0$aConvivium assisiense.$pItinera franciscana ;$v1.$0(OLS)http://pul/title/157093 850 $aPUL 852 $aPUL$W1$xSL Religione 3$y85$m248 MARPI 1$j143503$qDDC 21$B142532$CPULBib$Z2$F142532 $H115440 $82 996 $6020$a978-88-308-1082-2$9(OLS)http://pul/number/146626 996 $6082$a248$9(OLS)http://pul/classification/457 996 $6245$aTeologia francescana? :$bindagine storica e prospettive odierne su di una questione aperta$9(OLS)http://pul/title/157092 996 $6260$aAssisi :$bCittadella$9(OLS)http://pul/publisher/49668